000 00324 a2200109 4500
001 ART_50949
005 20260410161608.0
008 260409a
245 1 0 _aLos bitcoins en primera persona
100 1 _aOubiña, Gabriel H.
773 0 _tProfesional & Empresaria
_g- Año XXI, Nº 246 (mar. 2020)
_wREV70
999 _c10323
_d10323